[Event "Blankenese op 2nd"]
[Site "Hamburg"]
[Date "2018.10.03"]
[Round "7.3"]
[White "Ertan, Can"]
[Black "Voigt, Gerrit"]
[Result "1/2-1/2"]
[WhiteElo "2434"]
[BlackElo "2174"]
[PlyCount "90"]
[EventDate "2018.09.29"]
[EventType "swiss"]
[EventRounds "7"]
[EventCountry "GER"]
[SourceTitle "EXT 2020"]
[Source "ChessBase"]
[SourceDate "2019.10.17"]
[SourceVersion "1"]
[SourceVersionDate "2019.10.17"]
[SourceQuality "1"]

1. e4 c5 2. Nf3 Nc6 3. d4 cxd4 4. Nxd4 g6 5. Nc3 Bg7 6. Be3 Nf6 7. Bc4 0-0 8. 0-0 Nxe4 9. Nxe4 d5 10. Nxc6 bxc6 11. Bd3 dxe4 12. Bxe4 Ba6 13. Bxc6 Rc8 14. Be4 Bxf1 15. Qxd8 Rfxd8 16. Rxf1 Bxb2 17. Bxa7 Bd4 18. Bxd4 Rxd4 19. Re1 e6 20. f3 Ra4 21. Ra1 Rc5 22. Kf2 Rca5 23. Ke3 Rxa2 24. Rb1 Kg7 25. f4 Ra1 26. Rb7 Ra7 27. Rb5 Re1+ 28. Kf3 Rf1+ 29. Ke3 Ra4 30. Bf3 Re1+ 31. Be2 f5 32. Kf3 Re4 33. Bd3 R4e3+ 34. Kf2 e5 35. Rb7+ Kh6 36. fxe5 Rxe5 37. Rd7 Re7 38. Rd6 Kg5 39. Ra6 R7e6 40. Ra4 Rh1 41. h3 Rhe1 42. Rb4 f4 43. Rb5+ R1e5 44. Rb4 Re3 45. Rd4 Rg3 1/2-1/2

[Event "Blankenese op 2nd"]
[Site "Hamburg"]
[Date "2018.09.29"]
[Round "1.8"]
[White "Maisuradze, Daviti"]
[Black "Voigt, Gerrit"]
[Result "0-1"]
[WhiteElo "1749"]
[BlackElo "2174"]
[PlyCount "74"]
[EventDate "2018.09.29"]
[EventType "swiss"]
[EventRounds "7"]
[EventCountry "GER"]
[SourceTitle "EXT 2020"]
[Source "ChessBase"]
[SourceDate "2019.10.17"]
[SourceVersion "1"]
[SourceVersionDate "2019.10.17"]
[SourceQuality "1"]

1. e4 d6 2. d4 Nf6 3. Bd3 e5 4. d5 Be7 5. f4 Bg4 6. Nf3 exf4 7. Bxf4 Nh5 8. Be3 Bh4+ 9. Kd2 Nd7 10. h3 Bxf3 11. gxf3 Bg5 12. Qg1 Bxe3+ 13. Qxe3 Qf6 14. Nc3 a6 15. Ne2 Qxb2 16. Nd4 Qb4+ 17. c3 Qb2+ 18. Nc2 Qb6 19. Nd4 Qb2+ 20. Nc2 Qb6 21. Nd4 0-0-0 22. Rhb1 Qc5 23. Rb4 Rde8 24. Rab1 Nb6 25. Qg5 g6 26. Qg4+ f5 27. exf5 Nf6 28. Qg3 Nfxd5 29. R4b3 Nxc3 30. Rxc3 Qxd4 31. Rbc1 Nd5 32. Rc4 Qe3+ 33. Kc2 b5 34. Qxd6 bxc4 35. Qxa6+ Kd8 36. Qa8+ Ke7 37. Qxd5 cxd3+ 0-1

[Event "Blankenese op 1st"]
[Site "Hamburg"]
[Date "2017.10.03"]
[Round "3.1"]
[White "Colpe, Malte"]
[Black "Voigt, Gerrit"]
[Result "1-0"]
[WhiteElo "2416"]
[BlackElo "2170"]
[PlyCount "35"]
[EventDate "2017.09.30"]
[EventType "swiss"]
[EventRounds "7"]
[EventCountry "GER"]
[SourceTitle "EXT 2020"]
[Source "ChessBase"]
[SourceDate "2019.10.17"]
[SourceVersion "1"]
[SourceVersionDate "2019.10.17"]
[SourceQuality "1"]

1. d4 Nf6 2. c4 e6 3. Nf3 b6 4. g3 Ba6 5. Qc2 c5 6. d5 exd5 7. cxd5 Bb7 8. Bg2 Nxd5 9. 0-0 Be7 10. Ne5 Qc7 11. Qe4 d6 12. Nxf7 Kxf7 13. Qc4 b5 14. Bxd5+ Kf8 15. Qf4+ Bf6 16. Nc3 Bxd5 17. Nxd5 Qf7 18. Qxd6+ 1-0

[Event "Blankenese op 1st"]
[Site "Hamburg"]
[Date "2017.10.03"]
[Round "1.12"]
[White "Weisshuhn, Stefan"]
[Black "Voigt, Gerrit"]
[Result "0-1"]
[WhiteElo "1768"]
[BlackElo "2170"]
[PlyCount "48"]
[EventDate "2017.09.30"]
[EventType "swiss"]
[EventRounds "7"]
[EventCountry "GER"]
[SourceTitle "EXT 2020"]
[Source "ChessBase"]
[SourceDate "2019.10.17"]
[SourceVersion "1"]
[SourceVersionDate "2019.10.17"]
[SourceQuality "1"]

1. Nf3 Nf6 2. c4 e6 3. g3 b6 4. Bg2 Bb7 5. 0-0 c5 6. d3 Be7 7. Nc3 0-0 8. a3 Qc8 9. Rb1 d5 10. e3 Re8 11. Bd2 Bf8 12. Qe2 Nc6 13. Na2 e5 14. cxd5 Nxd5 15. b4 cxb4 16. axb4 a5 17. Rfc1 Qd7 18. bxa5 bxa5 19. Qe1 Ndb4 20. Rxc6 Nxd3 21. Rxb7 Qxb7 22. Qe2 Qxc6 23. Qxd3 Rad8 24. Qe2 Qc2 0-1

[Event "Pardubice Czech op-B 28th"]
[Site "Pardubice"]
[Date "2017.07.27"]
[Round "7"]
[White "Voigt, Gerrit"]
[Black "Pycha, Patrik"]
[Result "1/2-1/2"]
[WhiteElo "2177"]
[BlackElo "2060"]
[PlyCount "36"]
[EventDate "2017.07.21"]
[EventType "swiss"]
[EventRounds "9"]
[EventCountry "CZE"]
[SourceTitle "CBM 179 Extra"]
[Source "ChessBase"]
[SourceDate "2017.08.23"]
[SourceVersion "1"]
[SourceVersionDate "2017.08.23"]
[SourceQuality "1"]

1. e4 e6 2. d4 d5 3. Nc3 Bb4 4. e5 c5 5. a3 Bxc3+ 6. bxc3 Ne7 7. Qg4 Qc7 8. Bd3 c4 9. Be2 Ng6 10. h4 Qa5 11. Bd2 Rg8 12. Bd1 Bd7 13. Ne2 Ba4 14. f4 Ne7 15. Qh5 Rh8 16. g4 h6 17. g5 g6 18. Qf3 h5 1/2-1/2

[Event "GER CupT V3"]
[Site "Hamburg"]
[Date "2015.01.10"]
[Round "1.1"]
[White "Stubbe, Wilko"]
[Black "Voigt, Gerrit"]
[Result "1-0"]
[WhiteElo "2194"]
[BlackElo "2205"]
[PlyCount "177"]
[EventDate "2015.01.10"]
[EventType "team-k.o."]
[EventRounds "2"]
[EventCountry "GER"]
[SourceTitle "EXT 2019"]
[Source "ChessBase"]
[SourceDate "2018.10.10"]
[SourceVersion "1"]
[SourceVersionDate "2018.10.10"]
[SourceQuality "1"]
[WhiteTeam "Eimsbuettel Union"]
[BlackTeam "Greifswald"]
[WhiteTeamCountry "GER"]
[BlackTeamCountry "GER"]

1. e4 d6 2. d4 Nf6 3. Bd3 e5 4. c3 d5 5. dxe5 Nxe4 6. Bxe4 dxe4 7. Qxd8+ Kxd8 8. Ne2 Nd7 9. Bf4 Nc5 10. 0-0 Nd3 11. Bg5+ Be7 12. Bxe7+ Kxe7 13. Ng3 e3 14. fxe3 Nxb2 15. Na3 a6 16. Nh5 g6 17. Nf4 Rd8 18. e4 c6 19. Rab1 Rd2 20. Rf2 Rd1+ 21. Rf1 Rd2 22. Rf2 Rd1+ 23. Rf1 Rxb1 24. Rxb1 Na4 25. Rc1 b5 26. c4 b4 27. Nc2 a5 28. Nd4 Bd7 29. Nd3 Be8 30. Kf2 Nc3 31. Ke3 Rd8 32. Ra1 Na4 33. Nb3 Ra8 34. a3 bxa3 35. Rxa3 Nb6 36. Nb2 a4 37. Nc5 Ra5 38. Kd4 g5 39. Nb7 c5+ 40. Nxc5 Bc6 41. Nbd3 Nd7 42. Nxd7 Bxd7 43. Nb4 h6 44. Nd5+ Kd8 45. Kc3 Ra7 46. c5 Rb7 47. Nb6 Bc6 48. Kd4 Re7 49. Nd5 Rb7 50. Rh3 h5 51. Rxh5 a3 52. Rh8+ Kd7 53. e6+ Kxe6 54. Rh6+ Kd7 55. Rd6+ Ke8 56. Rxc6 Ra7 57. Nc3 a2 58. Nxa2 Rxa2 59. Rh6 Rxg2 60. Ke5 Ke7 61. Kf5 Rc2 62. c6 f6 63. Rh7+ Kd6 64. Kxf6 Kxc6 65. Kxg5 Kd6 66. Kf4 Rf2+ 67. Ke3 Rf1 68. Rh6+ Ke5 69. Rh5+ Ke6 70. h4 Re1+ 71. Kf3 Rf1+ 72. Ke2 Rh1 73. Kf2 Rh3 74. Ke2 Rh1 75. Ke3 Re1+ 76. Kf4 Rf1+ 77. Kg5 Ke5 78. Kg6+ Kxe4 79. Rg5 Ra1 80. h5 Ra6+ 81. Kh7 Kf4 82. Rg7 Kf5 83. h6 Ra8 84. Rf7+ Ke6 85. Kg7 Ra1 86. h7 Rg1+ 87. Kf8 Rh1 88. Kg8 Rh2 89. Rg7 1-0

[Event "Hamburg St Pauli op-A"]
[Site "Hamburg"]
[Date "2011.07.12"]
[Round "5"]
[White "Meyer, Malte"]
[Black "Voigt, Gerrit"]
[Result "1-0"]
[WhiteElo "2315"]
[BlackElo "2142"]
[PlyCount "55"]
[EventDate "2011.07.09"]
[EventType "swiss"]
[EventRounds "9"]
[EventCountry "GER"]
[SourceTitle "CBM 143 Extra"]
[Source "ChessBase"]
[SourceDate "2011.08.29"]
[SourceVersion "1"]
[SourceVersionDate "2011.08.29"]
[SourceQuality "1"]

1. Nf3 Nf6 2. c4 b6 3. g3 Bb7 4. Bg2 g5 5. h3 Bg7 6. d4 h6 7. Nc3 Ne4 8. Nxe4 Bxe4 9. 0-0 d5 10. Ne5 Bxg2 11. Kxg2 Bf6 12. Qa4+ Kf8 13. Qc2 Qd6 14. e4 c5 15. cxd5 cxd4 16. Qc8+ Kg7 17. Qxh8+ Kxh8 18. Nxf7+ Kg7 19. Nxd6 exd6 20. Bd2 Na6 21. b4 Nc7 22. a4 Re8 23. f3 h5 24. Rac1 Na6 25. Rc6 g4 26. hxg4 hxg4 27. Rxd6 Nb8 28. fxg4 1-0